Normal view
MARC view
- Ahmed, Nemrah
Entry Personal Name
001 - CONTROL NUMBER
- control field: 99746
003 - CONTROL NUMBER IDENTIFIER
- control field: NUST
005 - DATE AND TIME OF LATEST TRANSACTION
- control field: 20221010170716.0
008 - FIXED-LENGTH DATA ELEMENTS
- fixed length control field: 221010|| aca||aabn | a|a d
040 ## - CATALOGING SOURCE
- Original cataloging agency: NUST
- Transcribing agency: NUST
100 ## - HEADING--PERSONAL NAME
- Personal name: Ahmed, Nemrah
670 ## - SOURCE DATA FOUND
- Source citation: Work cat.: (NUST): Ahmed, Nemrah , Beli Rajputan Ki Malika / بیلی راجپوتاں کی ملکہ /
